Relief and development : (Registro nro. 70637)
[ vista simple ]
| 000 -LÍDER | |
|---|---|
| Campo fijo de descripción fija | 01454nab a2200229 i 4500 |
| 001 - NÚMERO DE CONTROL | |
| Campo de control | 768714001 |
| 003 - IDENTIFICADOR DEL NÚMERO DE CONTROL | |
| Campo de control | CO-MdFUSB |
| 005 - FECHA Y HORA DE LA ULTIMA TRANSACCIÓN | |
| control field | 20240731105536.0 |
| 008 - ELEMENTOS DE LONGITUD FIJA -- INFORMACIÓN GENERAL | |
| Campo fijo de descripción fija -- Información general | 240731t1987 -us||||| |||| 00| 0 eng d |
| 040 ## - FUENTE DE CATALOGACIÓN | |
| Idioma de catalogación | spa |
| Agencia que realiza la transcripción | CO-MdFUSB |
| Agencia que realiza la modificación | CO-MdFUSB |
| 041 ## - CÓDIGO DE IDIOMA | |
| Código de idioma para texto/pista de sonido o título separado | eng |
| 100 ## - ASIENTO PRINCIPAL--NOMBRE PERSONAL | |
| Nombre personal | Cogswell, James A., |
| Término relacionador | autor |
| 245 1# - TÍTULO | |
| Título | Relief and development : |
| Subtitulo | challenges to mission today |
| Mención de responsabilidad | / James A. Cogswell |
| 520 ## - NOTA DE RESUMEN, ETC. | |
| Nota de sumario, etc. | El autor examina la dinámica de la fe para la misión cristiana con el fin de llenar estos conceptos con ese contenido distintivo que podrá expresar adecuadamente por qué y cómo nos involucramos en la ayuda y el desarrollo como aspectos de la misión.<br/>La Iglesia misionera debe tener cuidado de no aceptar, consciente o inconscientemente, opiniones ajenas o contrarias a la misión de ayuda y desarrollo de la Iglesia. De hecho, se necesita reconsiderar la motivación de la fe para la misión cristiana a fin de llenar estos conceptos con un contenido distintivo que exprese más plenamente por qué y cómo participamos en el apoyo y el desarrollo como aspectos de la misión. |
| 546 ## - NOTA DE IDIOMA | |
| Nota de idioma | Texto en inglés. |
| 650 #0 - ASIENTO SECUNDARIO DE MATERIA - TERMINO TEMÁTICO | |
| Término temático o nombre geográfico como elemento de entrada | Misiones |
| 9 (RLIN) | 154 |
| 650 #7 - ASIENTO SECUNDARIO DE MATERIA - TERMINO TEMÁTICO | |
| Término temático o nombre geográfico como elemento de entrada | Iglesia |
| 9 (RLIN) | 655 |
| 650 #7 - ASIENTO SECUNDARIO DE MATERIA - TERMINO TEMÁTICO | |
| Término temático o nombre geográfico como elemento de entrada | Fe |
| 9 (RLIN) | 531 |
| 773 0# - ASIENTO DE ITEM FUENTE | |
| Biblionumber | 49483 |
| Itemnumber | 82882 |
| Otro identificador del ítem | R2710 |
| Título | International Bulletinof Missionary Research |
| Número de control del registro | (CO-MdFUSB)768714001 |
| Número Internacional Normalizado para Publicaciones Seriadas (ISSN) | 0272-6122 |
| Parte(s) relacionada(s) / Volumen., número. (mes año), páginas | Volumen 11, (número 2, 1987), páginas: 72 - 76 |
| Enumeración y primera página | página: 72 |
| 942 ## - TIPO DE MATERIAL (KOHA) | |
| Tipo de Item KOHA | Artículos de Revista |
| 945 ## - INFORMACIÓN LOCAL DEL REGISTRO | |
| Catalogador | Catherine Arias Álvarez - Practicante SENA |
No hay ítems disponibles.
